Why the virus devastates China (Record no. 514043)

000 -LEADER
fixed length control field 00407nam a22001457a 4500
008 - FIXED-LENGTH DATA ELEMENTS--GENERAL INFORMATION
fixed length control field 201003b ||||| |||| 00| 0 eng d
100 ## - MAIN ENTRY--PERSONAL NAME
Personal name Sukumaran, C.V.
245 ## - TITLE STATEMENT
Title Why the virus devastates China
260 ## - PUBLICATION, DISTRIBUTION, ETC. (IMPRINT)
Place of publication, distribution, etc Mainstream
300 ## - PHYSICAL DESCRIPTION
Extent 58(9), 15 Feb,2020: p. 21-22
650 ## - SUBJECT ADDED ENTRY--TOPICAL TERM
Topical term or geographic name as entry element Coronavirus , Epidemic, China
9 (RLIN) 18164
700 ## - ADDED ENTRY--PERSONAL NAME
Personal name Mainstream
9 (RLIN) 18165
906 ## - LOCAL DATA ELEMENT F, LDF (RLIN)
Subject DIP COVID - 19
942 ## - ADDED ENTRY ELEMENTS (KOHA)
Item type Articles
Holdings
Withdrawn status Lost status Source of classification or shelving scheme Damaged status Not for loan Permanent location Current location Date acquired Serial Enumeration / chronology Barcode Date last seen Koha item type
          Indian Institute of Public Administration Indian Institute of Public Administration 2020-10-03 58(9), 15 Feb,2020: p. 21-22 AR123103 2020-10-03 Articles

Powered by Koha